书目信息 |
| 题名: |
人里面哪有你
|
|
| 作者: | 谷童 著 | |
| 分册: | ||
| 出版信息: | 沈阳 春风文艺出版社 2005.05 |
|
| 页数: | 312页 | |
| 开本: | 21cm | |
| 丛书名: | ||
| 单 册: | ||
| 中图分类: | I247.57 | |
| 科图分类: | ||
| 主题词: | 长篇小说--chang pian xiao shuo--中国--当代 | |
| 电子资源: | ||
| ISBN: | 7-5313-2914-X | |
| 000 | 00827nam0 2200229 450 | |
| 001 | 012008075302 | |
| 005 | 20080430101848.84 | |
| 010 | @a7-5313-2914-X@dCNY19.00 | |
| 100 | @a20080430d2005 em y0chiy0120 ea | |
| 101 | 0 | @achi |
| 102 | @aCN@b210000 | |
| 105 | @ay z 000ay | |
| 106 | @ar | |
| 200 | 1 | @a人里面哪有你@Aren li mian na you ni@f谷童著@Fgu tong zhu |
| 210 | @a沈阳@c春风文艺出版社@d2005.05 | |
| 215 | @a312页@d21cm | |
| 330 | @a本书是全景式反映自由新闻人生存状态的长篇小说。也是一部集中描绘SOHU一族的日常行为以及由此衍生的光荣与梦想。而贯穿全文的是一式摇摇滚滚的爱情,冷静节制的文学,暗藏幽默与机智,极易引起读者的共鸣与感动。 | |
| 606 | 0 | @a长篇小说@Achang pian xiao shuo@y中国@z当代 |
| 690 | @aI247.57@v4 | |
| 701 | 0 | @a谷童@Agu tong@4著 |
| 801 | 0 | @aCN@bQSSK@c20080430 |
| 905 | @b299656@dI247.57@eG461@f1 | |
| 人里面哪有你/谷童著.-沈阳:春风文艺出版社,2005.05 |
| 312页;21cm |
| ISBN 7-5313-2914-X:CNY19.00 |
| 本书是全景式反映自由新闻人生存状态的长篇小说。也是一部集中描绘SOHU一族的日常行为以及由此衍生的光荣与梦想。而贯穿全文的是一式摇摇滚滚的爱情,冷静节制的文学,暗藏幽默与机智,极易引起读者的共鸣与感动。 |
| ● |
| 相关链接 |
|
|
|
正题名:人里面哪有你
索取号:I247.57/G461
 
预约/预借
| 序号 | 登录号 | 条形码 | 馆藏地/架位号 | 状态 | 备注 |
| 1 | 299656 | 202996561 | 社科二线422/422社科库 3排2列4层/ [索取号:I247.57/G461] | 在馆 |